| 000 -ლიდერი |
| ფიქსირებული სიგრძის საკონტროლო ველი |
02427nam a2200373Ia 4500 |
| 001 - საკონტროლო ნომერი |
| საკონტროლო ველი |
23377 |
| 003 - საკონტროლო ნომრის იდენტიფიკატორი |
| საკონტროლო ველი |
GE_BSU |
| 005 - ბოლო ოპერაციის თარიღი და დრო |
| საკონტროლო ველი |
20251209210838.0 |
| 008 - ფიქსირებული სიგრძის მონაცემთა ელემენტები - ზოგადი ინფორმაცია |
| ფიქსირებული სიგრძის საკონტროლო ველი |
181216s||||||||xx |||||||||||||| ||und|| |
| 040 ## - კატალოგიზაციის წყარო |
| Transcribing agency |
GE_BSU |
| 041 ## - ენის კოდი |
| Language code of text/sound track or separate title |
geo |
| 080 ## - უნივერსალური ათობითი კლასიფიკაციის ინდექსი |
| Universal Decimal Classification number |
392(=353.32) ლ-20 |
| 100 ## - მთავარი ჩანაწერი - პიროვნების სახელი |
| Personal name |
ლამბერტი, არქანჯელო |
| 9 (RLIN) |
3569 |
| 245 ## - ცნობა სათაურის შესახებ |
| Title |
სამეგრელოს აღწერა / |
| Statement of responsibility, etc |
არქანჯელო ლამბერტი ; თარგმანი იტალიურიდან ალექსანდრე ჭყონიასი ; ლევან ასათიანის წინასიტყვაობით, რედაქციით და შენიშვნებით. |
| 250 ## - გამოცემის ცნობა |
| Edition statement |
მე-2 გამოცემა |
| 264 ## - წარმოების, გამოცემის, დისტრიბუციის და სხვა ცნობები |
| გამოცემის, წარმოების, დისტრიბუციის... ადგილი |
თბილისი : |
| გამოცემის, წარმოების, დისტრიბუციის... სახელწოდება |
ფედერაცია-ს გამომც-ბა და სტ. ; |
| გამოცემის, წარმოების, დისტრიბუციის... თარიღი |
1938. |
| 300 ## - ფიზიკური აღწერა |
| Extent |
XI,205,[2]გვ. : |
| Other physical details |
ილ.,1ჩართ. ფურც. რუკა ; |
| Dimensions |
23 სმ. |
| 490 ## - სერიის ცნობა |
| Series statement |
უცხოელი მწერლები და მოგზაურები საქართველოზე |
| 500 ## - ზოგადი შენიშვნა |
| General note |
თედო სახოკიას კოლექციიდან, ავტოგრაფით |
| 501 ## - შენიშვნა თანმხლებ მასალაზე |
| With note |
შენიშვნები: გვ. 197-205 |
| 520 ## - SUMMARY, ETC. |
| Summary, etc |
(უცხოელი მწერლები და მოგზაურები საქართველოზე). |
| 653 ## - INDEX TERM--UNCONTROLLED |
| Uncontrolled term |
იტალიელი მისიონერები საქართველოში |
| 653 ## - INDEX TERM--UNCONTROLLED |
| Uncontrolled term |
მეგრელების ეთნოგრაფია |
| 653 ## - INDEX TERM--UNCONTROLLED |
| Uncontrolled term |
მეგრელები |
| 653 ## - INDEX TERM--UNCONTROLLED |
| Uncontrolled term |
მოგზაურობა სამეგრელოში |
| 653 ## - INDEX TERM--UNCONTROLLED |
| Uncontrolled term |
სამეგრელოს გეოგრაფია |
| 653 ## - INDEX TERM--UNCONTROLLED |
| Uncontrolled term |
სამეგრელოს ისტორიის უცხოური წყაროები |
| 653 ## - INDEX TERM--UNCONTROLLED |
| Uncontrolled term |
სამეგრელოს აღწერა |
| 653 ## - INDEX TERM--UNCONTROLLED |
| Uncontrolled term |
ხალხური ზნე-ჩვეულებანი პირად ცხოვრებაში |
| 700 ## - ADDED ENTRY--PERSONAL NAME |
| Personal name |
ჭყონია, ალექსანდრე |
| Relator term |
მთარგმნელი |
| 9 (RLIN) |
3570 |
| 700 ## - ADDED ENTRY--PERSONAL NAME |
| Personal name |
ასათიანი, ლევან |
| Relator term |
რედაქტორი |
| 9 (RLIN) |
3571 |
| 942 ## - ADDED ENTRY ELEMENTS (KOHA) |
| Koha item type |
წიგნი |
| Source of classification or shelving scheme |
|